B-glucuronidase enzyme in renal diseases and failure / (رقم التسجيلة. 177738)

تفاصيل مارك
000 -LEADER
fixed length control field 01463namaa22003371i 4500
005 - أخر تعامل مع التسجيلة
control field 20260303113453.0
008 - FIXED-LENGTH DATA ELEMENTS--GENERAL INFORMATION
fixed length control field 260115s1997 ua a|||frm||| 000 0 eng d
040 ## - CATALOGING SOURCE
Original cataloguing agency EG-GICUC
Language of cataloging eng
Transcribing agency EG-GICUC
Modifying agency EG-GICUC
Description conventions rda
041 0# - LANGUAGE CODE
Language code of text/sound track or separate title eng
Language code of summary or abstract eng
-- ara
049 ## - Acquisition Source
Acquisition Source Deposit
097 ## - Degree
Degree M.Sc
099 ## - LOCAL FREE-TEXT CALL NUMBER (OCLC)
Local Call Number Cai01.12.02.M.Sc.1997.Ne.B
100 0# - MAIN ENTRY--PERSONAL NAME
Authority record control number or standard number Nemat Anwar Gomma,
Preparation preparation.
245 10 - TITLE STATEMENT
Title B-glucuronidase enzyme in renal diseases and failure /
Statement of responsibility, etc. By Nemat Anwar Gomma ; Supervised Prof. Dr. Mohamed Helmy Abo-Zaid, Prof. Dr. Victorine Beshara, Prof. Dr. Mohamed Qsaman, Prof. Dr. Mona Salem.
246 15 - VARYING FORM OF TITLE
Title proper/short title أنزيم البيتا جلوكورنيدار فى أمراض الكلى و الفشل الكلوى
264 #0 - PRODUCTION, PUBLICATION, DISTRIBUTION, MANUFACTURE, AND COPYRIGHT NOTICE
Date of production, publication, distribution, manufacture, or copyright notice 1997.
300 ## - PHYSICAL DESCRIPTION
Extent 125 Leaves :
Other physical details illustrations ;
Dimensions 30 cm. +
336 ## - CONTENT TYPE
Source rda content
Content type term text
337 ## - MEDIA TYPE
Source rdamedia
Media type term Unmediated
338 ## - CARRIER TYPE
Source rdacarrier
Carrier type term volume
502 ## - DISSERTATION NOTE
Dissertation note Thesis (M.Sc.)-Cairo University, 1997.
504 ## - BIBLIOGRAPHY, ETC. NOTE
Bibliography, etc. note Bibliography: pages 105-125.
653 #0 - INDEX TERM--UNCONTROLLED
Uncontrolled term B-glucuronidase
-- renal diseases
-- serum
700 0# - ADDED ENTRY--PERSONAL NAME
Personal name Mohamed Helmy Abo-Zaid
Relator term thesis advisor.
700 0# - ADDED ENTRY--PERSONAL NAME
Personal name Mohamed Qsaman
Relator term thesis advisor.
700 0# - ADDED ENTRY--PERSONAL NAME
Personal name Mona Salem
Relator term thesis advisor.
700 0# - ADDED ENTRY--PERSONAL NAME
Personal name Victorine Beshara
Relator term thesis advisor.
900 ## - Thesis Information
Department Department of Biochemistry
Faculties Faculty of Science
Universities Cairo University
Grant date 1997
Supervisory body Mohamed Helmy Abo-Zaid
-- Mohamed Qsaman
-- Mona Salem
-- Victorine Beshara
905 ## - Cataloger and Reviser Names
Cataloger Name Nermeen_Ahmed
Reviser Names Nourhan
942 ## - ADDED ENTRY ELEMENTS (KOHA)
Source of classification or shelving scheme Dewey Decimal Classification
Koha item type Thesis
Edition 21
Suppress in OPAC No
المقتنيات
Source of classification or shelving scheme Home library Current library Date acquired Inventory number Full call number Barcode Date last seen Effective from Koha item type
Dewey Decimal Classification المكتبة المركزبة الجديدة - جامعة القاهرة مكتبة المئوية 15.01.2026 30622 Cai01.12.02.M.Sc.1997.Ne.B 01010110030622000 15.01.2026 15.01.2026 Thesis
Cairo University Libraries Portal Implemented & Customized by: Eng. M. Mohamady Contacts: new-lib@cl.cu.edu.eg | cnul@cl.cu.edu.eg
CUCL logo CNUL logo
© All rights reserved — Cairo University Libraries
CUCL logo
Implemented & Customized by: Eng. M. Mohamady Contact: new-lib@cl.cu.edu.eg © All rights reserved — New Central Library
CNUL logo
Implemented & Customized by: Eng. M. Mohamady Contact: cnul@cl.cu.edu.eg © All rights reserved — Cairo National University Library